| Tag |
First Indicator |
Second Indicator |
Subfields |
| LEADER |
00000cam a2200000 i 4500 |
| 001 |
in00000026856 |
| 005 |
20151007054553.0 |
| 008 |
810327s1930 ge a 00110 ger d |
| 035 |
|
|
|a (OCoLC)07270062
|
| 035 |
|
|
|9 AAB5543AM
|
| 040 |
|
|
|a KSU
|c KSU
|d TXA
|d UtOrBLW
|
| 049 |
|
|
|a TXAM
|c [A10991226]
|
| 050 |
|
4 |
|a DU22
|b .G45 1930
|
| 100 |
1 |
|
|a Geisler, Walter,
|d 1891-1945.
|
| 245 |
1 |
0 |
|a Australien und Ozeanien /
|c Walter Geisler ; mit 47 Abbildungen, Karten, Profilen und Diagrammen im Text, 4 Kartenbeilagen, 28 Tafeln in Ätzung und 3 Tafeln in Farbendruck.
|
| 250 |
|
|
|a 3. gänzlich neubearbeitete Auflage.
|
| 264 |
|
1 |
|a Leipzig :
|b Bibliographlisches Institut,
|c 1930.
|
| 300 |
|
|
|a xi, 424 pages, 19 unnumbered pages of plates :
|b illustrations ;
|c 26 cm.
|
| 336 |
|
|
|a text
|b txt
|2 rdacontent
|
| 337 |
|
|
|a unmediated
|b n
|2 rdamedia
|
| 338 |
|
|
|a volume
|b nc
|2 rdacarrier
|
| 490 |
1 |
|
|a Allgemeine Länderkunde
|
| 500 |
|
|
|a "Literatur über Australien und Ozeanien": pages [403]-411.
|
| 500 |
|
|
|a Includes index.
|
| 651 |
|
0 |
|a Australia
|x Description and travel.
|
| 651 |
|
0 |
|a Oceania
|x Description and travel.
|
| 830 |
|
0 |
|a Allgemeine Landerkunde.
|
| 999 |
|
|
|a MARS
|
| 999 |
f |
f |
|s d238b5fe-998a-36dd-80c6-c0bf44991f35
|i 1e846787-4669-3f75-91cd-d920ec1af8f6
|t 0
|
| 952 |
f |
f |
|p ric
|a Texas A&M University
|b Rellis Campus
|c Joint Library Facility
|d Remote Storage
|t 0
|e DU22 .G45 1930
|h Library of Congress classification
|i unmediated -- volume
|m A14810991226
|
| 998 |
f |
f |
|a DU22 .G45 1930
|t 0
|l Remote Storage
|